| 000 | 00513nam a2200217Ia 4500 | ||
|---|---|---|---|
| 003 | 0100 | ||
| 008 | 130303s9999 xx 000 0 und d | ||
| 020 | _a0804717699 | ||
| 040 | _cARRUPELIB | ||
| 050 | _aJC578.R383K85 1990 | ||
| 100 | _aKukathas, Chandran | ||
| 245 | _aRawls | ||
| 245 | _ba theory of justice and its critics | ||
| 260 | _aCalifornia | ||
| 260 | _bStanford University Press | ||
| 260 | _C1990 | ||
| 300 | _a169p. | ||
| 300 | _b 21cm | ||
| 700 | _aPettit, Philip | ||
| 942 |
_2lcc _01 |
||
| 999 |
_c61156 _d61156 |
||